A question of judgement (Record no. 75873)

MARC details
000 -LEADER
fixed length control field 01101cab a2200193 4500
001 - CONTROL NUMBER
control field L130907
008 - FIXED-LENGTH DATA ELEMENTS--GENERAL INFORMATION
fixed length control field 050916n2005 000 0 eng u
035 ## - SYSTEM CONTROL NUMBER
System control number (Sirsi) u130907
041 0# - LANGUAGE CODE
Language code of text/sound track or separate title eng
100 1# - MAIN ENTRY--PERSONAL NAME
Personal name Winter, Jeremy
245 02 - TITLE STATEMENT
Title A question of judgement
260 ## - PUBLICATION, DISTRIBUTION, ETC.
Date of publication, distribution, etc. 2005
490 #0 - SERIES STATEMENT
Series statement Construction News
Volume/sequential designation (6933) 8 September 2005, 35(1)
520 ## - SUMMARY, ETC.
Summary, etc. Discusses the outcome of the case "Wimbledon Construction 2000 Ltd v Vago" ([2005] EWHC 1086 (TCC), L130541) which considered whether the decision of an adjudicator might not be enforced by the court where the successful party was shown to be in financial difficulties. The case provides guidance on dealing with a situation where a stay of execution should be given in the event of uncertainty about the successful party's financial position.
650 24 - SUBJECT ADDED ENTRY--TOPICAL TERM
Topical term or geographic name entry element WIMBLEDON CONSTRUCTION CO 2000 LTD V VAGO
650 24 - SUBJECT ADDED ENTRY--TOPICAL TERM
Topical term or geographic name entry element BOUYGUES UK LTD V DAHL-JENSEN UK LTD
690 ## - LOCAL SUBJECT ADDED ENTRY--TOPICAL TERM (OCLC, RLIN)
Topical term or geographic name as entry element MANAGEMENT-DISPUTE AVOIDANCE, MANAGEMENT AND RESOLUTION-DISPUTE MANAGEMENT AND RESOLUTION-ALTERNATIVE DISPUTE RESOLUTION-ADJUDICATION-ADJUDICATION AGREEMENTS
942 ## - ADDED ENTRY ELEMENTS (KOHA)
Suppress in OPAC 0
Holdings
Withdrawn status Lost status Source of classification or shelving scheme Damaged status Not for loan Home library Current library Shelving location Date acquired Total Checkouts Full call number Barcode Date last seen Copy number Price effective from Koha item type
    Dewey Decimal Classification     London London Journal article 16/09/2005   L130907 130907-1001 06/08/2019 1 06/08/2019 Journal article